Perspectivas del pensamiento social latinoamericano / (Registro nro. 17759)

Detalles MARC
000 -LEADER
fixed length control field 01313nam a2200289 4500
001 - CONTROL NUMBER
control field 0000023292
003 - CONTROL NUMBER IDENTIFIER
control field CO-CtgCURN
005 - DATE AND TIME OF LATEST TRANSACTION
control field 20250331184356.0
007 - PHYSICAL DESCRIPTION FIXED FIELD--GENERAL INFORMATION
fixed length control field ta
008 - FIXED-LENGTH DATA ELEMENTS--GENERAL INFORMATION
fixed length control field 160627s2009 000 0 eng d
020 ## - INTERNATIONAL STANDARD BOOK NUMBER
International Standard Book Number 9789586514903
040 ## - CATALOGING SOURCE
Original cataloging agency CO-CtgCURN
Language of cataloging spa
Transcribing agency coctgcurn
082 0# - DEWEY DECIMAL CLASSIFICATION NUMBER
Classification number 306
Item number F197p
100 1# - MAIN ENTRY--PERSONAL NAME
Personal name Fals Borda, Orlando.
245 10 - TITLE STATEMENT
Title Perspectivas del pensamiento social latinoamericano /
Statement of responsibility, etc. Olando Fals Borda.
260 ## - PUBLICATION, DISTRIBUTION, ETC.
Place of publication, distribution, etc. [Bogotá] :
Name of publisher, distributor, etc. Universidad Nacional Abierta y a Distancia UNAD,
Date of publication, distribution, etc. 2009.
300 ## - PHYSICAL DESCRIPTION
Extent 131 P.
336 ## - CONTENT TYPE
Source rdacontent
337 ## - MEDIA TYPE
Source rdamedia
Media type term sin mediacion
Media type code n
338 ## - CARRIER TYPE
Source rdacarrier
Carrier type term volumen
Carrier type code nc
504 ## - BIBLIOGRAPHY, ETC. NOTE
Bibliography, etc. note Bibliografia (p. 131)
505 8# - FORMATTED CONTENTS NOTE
Formatted contents note Desafios desde el presente potencial en Colombia y America Latina.--Colonialidad del poder y subjetividad en America Latina.--Orlando Fals Borda: utopias presentes y futuros posibles del ordenamiento territorial y el desarrollo regional.--America Latina: identidad y diversidad cultural.--La utopia profunda de Abya Yala: la visibilizacion de los invisibles.--Efectos de los modelos de desarrollo sobre la niñez y la juventud
650 14 - SUBJECT ADDED ENTRY--TOPICAL TERM
Topical term or geographic name entry element Niños (Derecho internacional)
908 ## - PUT COMMAND PARAMETER (RLIN)
Put command parameter 160627
942 ## - ADDED ENTRY ELEMENTS (KOHA)
Koha item type Libros
Classification part 306
Item part F197p
Source of classification or shelving scheme Dewey Decimal Classification
Existencias
Withdrawn status Lost status Source of classification or shelving scheme Damaged status Not for loan Collection Home library Current library Shelving location Date acquired Inventory number Total checkouts Full call number Barcode Date last seen Price effective from Koha item type Public note
    Dewey Decimal Classification     General Miguel Henríquez Castañeda Miguel Henríquez Castañeda General 03/31/2025 013755   306 F197p 013755 03/31/2025 03/31/2025 Libros 300-CIENSO